01183nam a2200193Ia 4500001001000000003001000010008004100020040002500061041001300086100002100099245007300120250001100193260009700204300002800301500026200329501011400591520026200705650002200967L192-1752IT-CnALBA170116s9999||||xx |||||||||||||| ||und|| aIT-CnALBAcIT-CnALBA aITALIANO aBACONE FRANCESCO 0aLE LEGGI DELLE LEGGI OSSIA SAGGIO SUI FONTI DEL DIRITTO UNIVERSALE.  a1a ed. aTORINObGHIRINGHELLO E C. VACCARINO G. TORINOc1824 [1° Ed.:1824 - Ed.Ling.Originale: 1824] a388 p. (prefazione: 22) aTRADUZIONE E COMMENTO DI ARRO' FRANCESCO DA FAURIA. CHIAREZZA DELLE LEGGI. CASI NON CONTEMPLATI NELLA LEGGE. IDENTITÀ DEI CASI. ESTENSIONE DELLE LEGGI. APPLICAZIONE DELLA LEGGE NEI CASI DECISI. CORTI PRETORIE E CENSORIALI. OSCURITA' DELLE LEGGI. SOVERCHIO aSocietà San Paolo EM - Piazza San Paolo, 14 - 12051 ALBA (CN) (non commercial uses only) ® Copyright 2017 aTRADUZIONE E COMMENTO DI ARRO' FRANCESCO DA FAURIA. CHIAREZZA DELLE LEGGI. CASI NON CONTEMPLATI NELLA LEGGE. IDENTITÀ DEI CASI. ESTENSIONE DELLE LEGGI. APPLICAZIONE DELLA LEGGE NEI CASI DECISI. CORTI PRETORIE E CENSORIALI. OSCURITA' DELLE LEGGI. SOVERCHIO aFILOSOFIA INGLESE